Wystające elementy stanów USA - Statystyki

Ogólne statystyki
  • Ten quiz został rozwiązany 37 razy
  • Średni wynik to 4 z 9
Statystyki odpowiedzi
Miasto Stan % Poprawnych
Tallahassee Floryda
86%
Juneau Alaska
80%
Amarillo Teksas
80%
Coeur d'Alene Idaho
54%
Guymon Oklahoma
46%
Scottsbluff Nebraska
31%
Hagerstown Maryland
29%
Martinsburg + Wheeling Wirginia Zachodnia
14%
Stamford Connecticut
6%
Nie znaleziono quizów pasujących do podanych kryteriów
Rozkład punktacji
Procent ludzi z każdym wynikiem
Percentyl według liczby udzielonych odpowiedzi
Twoja historia wyników
Nie rozwiązałeś tego quizu